[Event "USA-ch"]
[Site "Modesto"]
[Date "1995.??.??"]
[Round "11"]
[White "Gurevich, Dmitry"]
[Black "Wolff, Patrick G"]
[Result "0-1"]
[WhiteElo "2525"]
[BlackElo "2565"]

1.Nf3 c5 2.e4 d6 3.d4 cxd4 4.Nxd4 Nf6 5.Nc3 a6 6.a4 Nc6 7.Be2 e6 8.O-O Be7
9.Be3 O-O 10.f4 Qc7 11.Kh1 Re8 12.Bf3 Rb8 13.g4 Nd7 14.g5 Nxd4 15.Qxd4 b6
16.Bg2 Bb7 17.f5 Ne5 18.Rad1 Bc6 19.f6 Bf8 20.fxg7 Bxg7 21.Qxd6 Qxd6 22.Rxd6 Rbc8
23.Rb1 Nc4 24.Rd3 Red8 25.Bf4 Rxd3 26.cxd3 Nxb2 27.Rxb2 Bxc3 28.Rxb6 a5 29.Bd6 Bxa4
30.h4 Bc2 31.Bf1 Bd4 32.Ra6 a4 33.e5 Kg7 34.Bg2 h6 35.Be4 hxg5 36.hxg5 Rh8+
37.Kg2 Rh5 38.Be7 Bxe5 39.Rc6 Bb3 40.Rc5 Bd4 41.Rc8 f5 42.gxf6+ Bxf6 43.Bxf6+ Kxf6
44.Ra8 Rc5 45.Kf3 Rc1 46.Ke3 e5 47.Ra6+ Ke7 48.Kd2 Rc2+ 49.Ke3 Ra2 50.Ra5 a3
51.Rxe5+ Kd6 52.Kd4 Re2 53.Ra5 a2 54.Ra6+ Kc7 55.Bd5 Bxd5 56.Kxd5 Rc2 57.d4 Kb7
58.Ra4 Kb6 59.Ra8 Kb5 60.Kd6 Rc6+  0-1

[Event "New York CITS"]
[Site "New York"]
[Date "1996.??.??"]
[Round "1"]
[White "Wolff, Patrick G"]
[Black "Kortschnoj, Viktor"]
[Result "1-0"]
[WhiteElo "2565"]
[BlackElo "2645"]

1.e4 c5 2.Nf3 d6 3.d4 cxd4 4.Nxd4 Nf6 5.Nc3 Nc6 6.Bg5 e6 7.Qd2 a6 8.O-O-O h6
9.Be3 Be7 10.f4 Bd7 11.Be2 b5 12.Bf3 Rc8 13.Kb1 b4 14.Nce2 Qc7 15.g4 e5 16.Nf5 Bxf5
17.exf5 e4 18.Bg2 Na5 19.Bd4 Nc4 20.Qc1 Nxg4 21.Bxe4 Bf6 22.Rhg1 Bxd4 23.Rxd4 Nf6
24.Rxg7 Kf8 25.Rg1 Rg8 26.Bd3 Rxg1 27.Nxg1 d5 28.Nf3 Qc5 29.Qd1 Nd6 30.Qe1 a5
31.Qh4 Ke7 32.Qe1+ Nde4 33.Ka1 Kf8 34.Qh4 Kg7 35.Qe1 Kh7 36.Qe3 a4 37.Qe1 b3
38.c3 a3 39.axb3 axb2+ 40.Kxb2 Nxc3 41.Ba6 Rc7 42.Bc4 Nfe4 43.Bxd5 Ra7 44.b4 Nd1+
45.Rxd1  1-0

[Event "New York CITS"]
[Site "New York"]
[Date "1996.??.??"]
[Round "3"]
[White "Wolff, Patrick G"]
[Black "Sokolov, Ivan"]
[Result "1/2-1/2"]
[WhiteElo "2565"]
[BlackElo "2665"]

1.e4 e5 2.Nf3 Nc6 3.Bc4 Nf6 4.d3 Bc5 5.c3 Bb6 6.Nbd2 O-O 7.O-O d6 8.Bb3 Ne7
9.Nc4 Ng6 10.Re1 c6 11.Nxb6 axb6 12.d4 Qe7 13.h3 h6 14.a3 b5 15.c4 bxc4 16.Bxc4 b5
17.Bf1 Bd7 18.dxe5 dxe5 19.b4 c5 20.bxc5 Qxc5 21.Bb2 Rfe8 22.Rc1 Qb6 23.Qc2 Rac8
24.Qb3 Rxc1 25.Bxc1 Bc6 26.Be3 Qb7 27.Nd2 Ra8 28.f3 Nh5 29.Rc1 Be8 30.Rc5 Qe7
31.Qc3 Kh7 32.Nb1 Ng3 33.Bd3 Rd8 34.Kh2 Nh5 35.Rd5 Ngf4 36.Rxd8 Qxd8 37.Bf1 Qh4
38.Qd2 Qg3+ 39.Kh1 Qg6 40.Kh2 Qg3+ 41.Kh1 Qg6  1/2-1/2

[Event "New York CITS"]
[Site "New York"]
[Date "1996.??.??"]
[Round "5"]
[White "Wolff, Patrick G"]
[Black "Sunye Neto, Jaime"]
[Result "1/2-1/2"]
[WhiteElo "2565"]
[BlackElo "2505"]

1.e4 c5 2.Nf3 d6 3.d4 cxd4 4.Nxd4 Nf6 5.Nc3 a6 6.Be2 e5 7.Nb3 Be7 8.O-O O-O
9.Kh1 Nbd7 10.a4 b6 11.Be3 Bb7 12.f3 Qc7 13.Rf2 Rfd8 14.Bf1 h6 15.Rd2 Rac8
16.Nc1 Nc5 17.N1a2 a5 18.Nb5 Qd7 19.Nac3 Qe6 20.Nd5 Nxd5 21.exd5 Qg6 22.c3 Bg5
23.Bxg5 Qxg5 24.Ra3  1/2-1/2

[Event "New York CITS"]
[Site "New York"]
[Date "1996.??.??"]
[Round "9"]
[White "Serper, Grigory"]
[Black "Wolff, Patrick G"]
[Result "0-1"]
[WhiteElo "2540"]
[BlackElo "2565"]

1.c4 c5 2.Nf3 Nc6 3.d4 cxd4 4.Nxd4 Nf6 5.g3 Qa5+ 6.Nc3 Ne4 7.Nxc6 dxc6 8.Qa4 Qxa4
9.Nxa4 e5 10.a3 Be6 11.e3 Ng5 12.Be2 Bh3 13.Rg1 h5 14.f4 Ne4 15.Nc3 Nxc3
16.bxc3 O-O-O 17.Ra2 Bc5 18.Rd2 Rde8 19.Rd1 g6 20.Kf2 Re7 21.Rge1 Rhe8 22.Bf3 Be6
23.Kg2 Bf5 24.fxe5 Rxe5 25.Rd4 R5e7 26.Rf4 Bxe3 27.Bxe3 Rxe3 28.Rxe3 Rxe3
29.Bxh5 Rxc3 30.a4 Rc2+ 31.Kg1 Be6 32.Bf3 Rxc4 33.Rxc4 Bxc4 34.h4 f5 35.Kf2 Kd7
36.Ke3 Ke6 37.Kd4 Bd5 38.Bd1 b6 39.g4 c5+ 40.Ke3 Ke5 41.g5 Bf7 42.Be2 c4
43.Bf3 Bd5 44.h5 f4+ 45.Kf2 gxh5  0-1

[Event "New York CITS"]
[Site "New York"]
[Date "1996.??.??"]
[Round "10"]
[White "Wolff, Patrick G"]
[Black "Ashley, Maurice"]
[Result "1/2-1/2"]
[WhiteElo "2565"]
[BlackElo "2460"]

1.e4 d6 2.d4 g6 3.Nf3 Bg7 4.Be2 Nc6 5.O-O Bg4 6.c3 e5 7.Qb3 Bxf3 8.Bxf3 exd4
9.Qxb7 Nge7 10.e5 O-O 11.Bxc6 Rb8 12.Qa6 Rb6 13.Qa4 Nxc6 14.cxd4 Qh4 15.Nc3 Nxd4
16.exd6 g5 17.Re1 Rxd6 18.Be3 Be5 19.f4 gxf4 20.Bf2 Nf3+ 21.gxf3 Rg6+ 22.Kf1 Qh3+
23.Ke2 Bxc3 24.bxc3 Re6+ 25.Kd2 Rd8+ 26.Kc2 Qxf3 27.Bd4 Qg2+ 28.Kb3 Rb8+
29.Kc4 Rc6+ 30.Kd3 Qf3+ 31.Kc2 Qg2+ 32.Kd1 Qf3+ 33.Kd2 Qg2+  1/2-1/2

[Event "North Bay op"]
[Site "North Bay"]
[Date "1996.??.??"]
[Round "?"]
[White "Wolff, Patrick G"]
[Black "Vera, Reynaldo"]
[Result "1/2-1/2"]
[WhiteElo "2580"]
[BlackElo "2505"]

1.e4 c5 2.Nf3 d6 3.d4 cxd4 4.Nxd4 Nf6 5.Nc3 a6 6.Be2 e5 7.Nb3 Be7 8.O-O O-O
9.Kh1 Be6 10.f4 exf4 11.Bxf4 Nc6 12.Qe1 Ne8 13.Nd5 Bxd5 14.exd5 Ne5 15.c4 Bf6
16.Be3 Rc8 17.Qb4 Qe7 18.Bg1 g6 19.Rae1 Bg7 20.Na5 Rc7 21.Bb6 Rc8 22.Bg1 Rc7
23.Qd2 Nf6 24.Qf4 Nfd7 25.b4 Rfc8 26.Rc1 Qf8 27.Be3 h5 28.Nb3 Nf6 29.Qh4 Nxc4
30.Rxc4 Rxc4 31.Bxc4 Ng4 32.Bc5 dxc5 33.d6 Qxd6 34.bxc5 Qd8 35.Qxd8+ Rxd8
36.Bxf7+ Kh7 37.g3 Rd7 38.Be6 Re7 39.Bxg4 hxg4 40.Rf4 Re2 41.a4 Rb2 42.Na5 Rb1+
43.Kg2 Rb2+ 44.Kf1 Rb1+ 45.Ke2 b6 46.cxb6 Rxb6 47.Rxg4  1/2-1/2

[Event "New York op"]
[Site "New York"]
[Date "1997.04.04"]
[Round "4"]
[White "Cuartas, Carlos"]
[Black "Wolff, Patrick G"]
[Result "0-1"]
[WhiteElo "2330"]
[BlackElo "2575"]

1.Nf3 c5 2.b3 d5 3.e3 Nf6 4.Bb2 e6 5.Bb5+ Nbd7 6.Ne5 Bd6 7.f4 Qc7 8.O-O O-O
9.Bxd7 Nxd7 10.Qh5 f5 11.Nxd7 Bxd7 12.c4 d4 13.exd4 Bxf4 14.dxc5 Bc6 15.Qh4 e5
16.Qf2 Qf7 17.d4 Qh5 18.g3 Bxg3 19.Qxg3 f4 20.Qc3 exd4  0-1

[Event "Najdorf"]
[Site "Buenos Aires"]
[Date "1997.05.20"]
[Round "2"]
[White "Wolff, Patrick G"]
[Black "Zarnicki, Pablo"]
[Result "1/2-1/2"]
[WhiteElo "2575"]
[BlackElo "2560"]

1.e4 e5 2.Nf3 Nf6 3.Nxe5 d6 4.Nf3 Nxe4 5.d4 d5 6.Bd3 Nc6 7.O-O Be7 8.Re1 Bg4
9.c4 Nf6 10.Nc3 Bxf3 11.Qxf3 Nxd4 12.Qd1 Ne6 13.cxd5 Nxd5 14.Qa4+ c6 15.Nxd5 Qxd5
16.Bc4 Qd6 17.Bxe6 fxe6 18.Bf4 Qb4 19.Qxb4  1/2-1/2

[Event "Najdorf"]
[Site "Buenos Aires"]
[Date "1997.05.22"]
[Round "4"]
[White "Panno, Oscar"]
[Black "Wolff, Patrick G"]
[Result "0-1"]
[WhiteElo "2465"]
[BlackElo "2575"]

1.d4 Nf6 2.Nf3 g6 3.g3 Bg7 4.Bg2 d5 5.O-O c6 6.a4 O-O 7.Nbd2 Na6 8.a5 c5
9.e3 Bf5 10.c3 Qc7 11.Ne5 Rad8 12.g4 Bc8 13.f4 Ne8 14.h3 f6 15.Nd3 Be6 16.Qa4 Nd6
17.b4 cxd4 18.cxd4 Bd7 19.Qb3 e6 20.Nc5 Rfe8 21.Bb2 Qc8 22.Rac1 Nc7 23.e4 Bb5
24.Rf2 Nc4 25.exd5 Nxd2 26.Rxd2 exd5 27.Rdc2 Re7 28.f5 Bh6 29.Ra1 Re3 30.Rc3 Bc4
31.Qd1 Nb5 32.Rxe3 Bxe3+ 33.Kh1 gxf5 34.gxf5 Qxf5 35.Nxb7 Rd7 36.a6 Rg7 37.Na5 Qf2
38.Qf3 Qxb2  0-1

[Event "Najdorf"]
[Site "Buenos Aires"]
[Date "1997.05.26"]
[Round "7"]
[White "Wolff, Patrick G"]
[Black "Sutovskij, Emil"]
[Result "1/2-1/2"]
[WhiteElo "2575"]
[BlackElo "2560"]

1.e4 c5 2.Nf3 d6 3.d4 cxd4 4.Nxd4 Nf6 5.Nc3 a6 6.Be2 e6 7.a4 Nc6 8.Be3 Be7
9.O-O O-O 10.f4 Qc7 11.Kh1 Re8 12.Bd3 Nb4 13.a5 Bd7 14.Nf3 Rac8 15.Qe2 d5
16.e5 Ne4 17.Bd4 Nxd3 18.cxd3 Nxc3 19.Bxc3 b5 20.Nd4 b4 21.Be1 Qa7 22.Nb3 Qc7
23.Nd4 Qa7 24.Nb3 Qc7  1/2-1/2

[Event "Saitek US Masters"]
[Site "Hawaii"]
[Date "1998.07.22"]
[Round "2"]
[White "Kobese, Watu"]
[Black "Wolff, Patrick G"]
[Result "0-1"]
[WhiteElo "2415"]
[BlackElo "2575"]

1.e4 c5 2.Nf3 d6 3.d4 cxd4 4.Nxd4 Nf6 5.Nc3 Nc6 6.Be2 e6 7.O-O Be7 8.Be3 O-O
9.f4 a6 10.Qe1 Nxd4 11.Bxd4 b5 12.a3 Bb7 13.Qg3 g6 14.Bf3 a5 15.Rad1 b4 16.e5 Bxf3
17.Qxf3 Ne8 18.axb4 axb4 19.exd6 Nxd6 20.Ne4 Nf5 21.Bf6 Qb6+ 22.Kh1 Rfd8
23.Bxe7 Nxe7 24.Qh3 h5 25.Qh4 Rxd1 26.Nf6+ Kg7 27.Rxd1 Qd4 28.Ne8+ Kf8 29.Qe1 Qxf4
30.Nd6 Nd5 31.Nb5 Ne3  0-1

[Event "Saitek US Masters"]
[Site "Hawaii"]
[Date "1998.07.25"]
[Round "5"]
[White "Wolff, Patrick G"]
[Black "Ardaman, Miles"]
[Result "1-0"]
[WhiteElo "2575"]
[BlackElo "2355"]

1.e4 Nc6 2.Nf3 d6 3.d4 Bg4 4.Be2 Nf6 5.Nc3 e6 6.h3 Bh5 7.d5 exd5 8.exd5 Bxf3
9.Bxf3 Ne5 10.Be2 Be7 11.O-O O-O 12.Be3 c5 13.f4 Ned7 14.g4 Ne8 15.g5 f5
16.a4 Nc7 17.a5 Re8 18.Rf3 g6 19.Bf2 Bf8 20.Rg3 Bg7 21.h4 b6 22.Bf1 bxa5
23.Rxa5 Nb6 24.Bg2 Nc4 25.Ra2 a5 26.Qd3 Nb6 27.Nd1 Qd7 28.Ne3 Reb8 29.c3 a4
30.h5 Qb5 31.Qb1 Rf8 32.Bf1 Qd7 33.b4 Rab8 34.Qd3 cxb4 35.cxb4 Rfe8 36.h6 Bh8
37.Bg2 Nb5 38.Bh3 Nc3 39.Nxf5 Nxa2 40.Ng7 Qc7 41.Nxe8 Rxe8 42.Be6+ Rxe6 43.dxe6 Nc3
44.Qa6 Ncd5 45.Rf3 Kf8 46.Kg2 Ke7 47.f5 gxf5 48.Qd3 Qc8 49.Qxf5 Qg8 50.Bxb6 Nxb6
51.Qf7+ Qxf7 52.Rxf7+ Kxe6 53.Rxh7 Bb2 54.Rb7 Nd5 55.Kf3 a3 56.Ra7 Ne7 57.b5 Ng6
58.h7 Kf5 59.b6 Bd4 60.Ra5+ Ne5+ 61.Ke2  1-0

[Event "Saitek US Masters"]
[Site "Hawaii"]
[Date "1998.07.27"]
[Round "7"]
[White "Datu, Idelfonso"]
[Black "Wolff, Patrick G"]
[Result "0-1"]
[WhiteElo "2335"]
[BlackElo "2575"]

1.e4 c5 2.Nf3 d6 3.g3 Nc6 4.Bg2 g6 5.O-O Bg7 6.d3 Nf6 7.Nbd2 O-O 8.a4 Rb8
9.Nc4 b6 10.Ne3 Ng4 11.c3 Nxe3 12.Bxe3 Bb7 13.Rc1 Qd7 14.h3 Rbd8 15.d4 Na5
16.Nd2 cxd4 17.cxd4 Rc8 18.b3 e6 19.Qe2 Rxc1 20.Rxc1 Rc8 21.Rxc8+ Qxc8 22.Bf1 Qc3
23.Qd3 Qxd3 24.Bxd3 d5 25.e5 Bf8 26.Kf1 Bb4 27.Bc2 Ba6+ 28.Kg2 Nc6 29.Nb1 Be1
30.Kf3 Nb4 31.Bd1 Bd3 32.Bd2 Bxd2 33.Nxd2 Nc2 34.Kf4 a5 35.Nf3 h6 36.h4 Kf8
37.g4 Ke7 38.g5 h5 39.Ng1 Nxd4 40.Ke3 Bc2 41.Bxc2 Nxc2+ 42.Kd3 Nb4+ 43.Kc3 Kd7
44.f4 Kc6 45.Ne2 Kc5 46.Nd4 Nc6 47.Nb5 Ne7 48.Nd6 Nf5 49.Nxf7 Nxh4 50.Nh8 Nf5  0-1

[Event "Saitek US Masters"]
[Site "Hawaii"]
[Date "1998.07.29"]
[Round "9"]
[White "Wolff, Patrick G"]
[Black "De Guzman, Ricardo"]
[Result "1/2-1/2"]
[WhiteElo "2575"]
[BlackElo "2400"]

1.e4 d6 2.d4 Nf6 3.Nc3 g6 4.Nf3 Bg7 5.Be2 O-O 6.O-O Bg4 7.a4 a5 8.h3 Bxf3
9.Bxf3 e5 10.Be3 Nc6 11.dxe5 dxe5 12.Nb5 Qe7 13.c3 Nd8 14.Qb3 h5 15.Na3 Nh7
16.Nc4 Ng5 17.Nd2 Bh6 18.Rfe1 Kg7 19.Rad1 Nge6 20.Nc4 Bxe3 21.Nxe3 Rh8 22.Nc4 Ng5
23.Re3 c6 24.Nb6 Rb8 25.Be2 Nde6 26.Nd7 Rbd8 27.Qxb7 Nd4 28.cxd4 Rxd7 29.Qb6 Rhd8
30.Red3 Nxe4 31.dxe5 Rxd3 32.Rxd3 Rxd3 33.Bxd3 Nc5 34.Bf1 Qxe5 35.Qxc6 Ne4
36.Qc2 Qd4 37.Bb5 h4 38.Qe2 f5 39.Qc2 Kh6 40.Qc1+ Kg7 41.Qc7+ Kf6 42.Qc6+ Kg5
43.Qc1+ Kf6 44.Qc2 Qb4 45.Qc6+ Kg5 46.Qc1+ Kf6 47.Kf1 Qd4 48.Qc6+ Kg5 49.Qc2 Kf6
50.Bc6 Nc5 51.Qc3 Qxc3 52.bxc3 Ke5 53.Ke2 Kf4 54.Kd2 g5 55.Ke2 g4 56.hxg4 fxg4
57.g3+ hxg3 58.fxg3+ Ke5 59.Ke3 Kd6  1/2-1/2

[Event "Saitek US Masters"]
[Site "Hawaii"]
[Date "1998.??.??"]
[Round "3"]
[White "Wolff, Patrick G"]
[Black "Levin, Eugene"]
[Result "1-0"]
[WhiteElo "2575"]
[BlackElo "2205"]

1.e4 e5 2.Nf3 Nf6 3.Nxe5 d6 4.Nf3 Nxe4 5.d4 d5 6.Bd3 Nc6 7.O-O Be7 8.Re1 Bf5
9.c4 Nb4 10.Bf1 dxc4 11.Nc3 Nf6 12.Qa4+ Kf8 13.Bxc4 Nc2 14.Nh4 Nxd4 15.Nxf5 Nxf5
16.Bf4 Nd6 17.Rad1 Qc8 18.Bb3 Nfe8 19.Re3 c6 20.Qd4 c5 21.Qe5 Nf5 22.Qd5  1-0

[Event "Governor's Cup"]
[Site "Sioux Falls USA"]
[Date "2001.09.21"]
[Round "1"]
[White "Turmo,S"]
[Black "Wolff,Pa"]
[Result "1-0"]
[WhiteElo "2135"]
[BlackElo "2570"]

1.e4 c5 2.Nf3 d6 3.d4 cxd4 4.Nxd4 Nf6 5.Nc3 Nc6 6.Be2 e6 7.O-O Be7 8.Be3 O-O
9.f4 a6 10.a4 Qc7 11.Qe1 e5 12.Nb3 Nb4 13.Qd2 Be6 14.f5 Bc4 15.Bg5 Nxc2 16.Qxc2 Qb6+
17.Kh1 Bxb3 18.Qd2 Rac8 19.g4 Qd4 20.Bf3 Rfd8 21.Qg2 Rd7 22.Bxf6 gxf6 23.g5 Kh8
24.g6 Rg8 25.Qh3 Rg7 26.Rg1 Rd8 27.Rg3 Qd2 28.Rag1 d5 29.R1g2 Qc1+ 30.Rg1 Qxb2
31.gxh7 Rxh7 32.Qxh7+  1-0

[Event "Governor's Cup"]
[Site "Sioux Falls USA"]
[Date "2001.09.22"]
[Round "3"]
[White "Cantrell,G"]
[Black "Wolff,Pa"]
[Result "0-1"]
[WhiteElo "2074"]
[BlackElo "2570"]

1.d4 Nf6 2.c4 g6 3.Nf3 Bg7 4.g3 d5 5.Nc3 dxc4 6.Qa4+ Nfd7 7.Bf4 O-O 8.Qxc4 Nc6
9.Nd5 Nb6 10.Nxb6 axb6 11.Rd1 Ra5 12.e4 Bg4 13.Be2 Bxf3 14.Bxf3 Nxd4 15.Bg4 e5
16.Bd2 Rc5 17.Qa4 h5 18.Be2 b5 19.Qa7 Rc2 20.Bd3 Qf6 21.f4 Nf3+ 22.Ke2 Rxd2+
23.Kxf3 Rxb2 24.Qxb7 exf4 25.gxf4 Qh4 26.Rdf1 Qh3+  0-1

[Event "Governor's Cup"]
[Site "Sioux Falls USA"]
[Date "2001.09.22"]
[Round "4"]
[White "Wolff,Pa"]
[Black "Adu,O"]
[Result "1-0"]
[WhiteElo "2570"]
[BlackElo "2234"]

1.e4 e6 2.d4 d5 3.exd5 exd5 4.c4 c6 5.Nc3 Nf6 6.Bd3 Be6 7.cxd5 Nxd5 8.Nf3 Bb4
9.O-O Be7 10.Re1 O-O 11.Qc2 g6 12.Bxg6 hxg6 13.Rxe6 Bf6 14.Bh6 Re8 15.Rxe8+ Qxe8
16.Re1 Qd7 17.Qb3 b6 18.Ne5 Bxe5 19.dxe5 Nxc3 20.Qxc3 Qe7 21.e6 Kh7 22.Qg7+  1-0

[Event "US Chess League 2011"]
[Site "ICC INT"]
[Date "2011.10.05"]
[Round "6"]
[White "Wolff,Pa"]
[Black "Stripunsky,A"]
[Result "1-0"]
[WhiteElo "2564"]
[BlackElo "2563"]

1.e4 c5 2.Nf3 e6 3.c3 Nf6 4.e5 Nd5 5.d4 cxd4 6.cxd4 d6 7.a3 Bd7 8.Bd3 Bc6
9.O-O Nd7 10.b4 a6 11.Re1 Rc8 12.Ng5 g6 13.Qf3 Qe7 14.exd6 Qf6 15.Qg4 Bh6
16.Bd2 O-O 17.Qh4 Qg7 18.Nf3 Bxd2 19.Nbxd2 Rfd8 20.Ne5 Qf6 21.Qg3 Qf4 22.Ne4 Qxg3
23.hxg3 Nb8 24.Rac1 Kg7 25.Ng5 Be8 26.Be4 Rxc1 27.Rxc1 Nc6 28.d7 Bxd7 29.Ngxf7 Rf8
30.Bxd5 exd5 31.Nxc6 Bxc6 32.Ne5 a5 33.bxa5 Ra8 34.Rc5 Kf6 35.f3 Ra6 36.Nd3 Ra8
37.Nb4 Ke7 38.a6 Kd6 39.a4 Bxa4 40.axb7 Rb8 41.Rxd5+ Ke6 42.Ra5 Bd7 43.Na6  1-0

[Event "US Chess League 2011 Playoff"]
[Site "ICC INT"]
[Date "2011.11.07"]
[Round "1"]
[White "Wolff,Pa"]
[Black "Matikozian,A"]
[Result "0-1"]
[WhiteElo "2564"]
[BlackElo "2457"]

1.e4 c5 2.Nf3 d6 3.d4 cxd4 4.Nxd4 Nf6 5.f3 a6 6.c4 e6 7.Nc3 b6 8.Be3 Bb7
9.Be2 Nbd7 10.O-O Be7 11.Qd2 O-O 12.Rfd1 Qc7 13.Rac1 Rac8 14.b4 Qb8 15.Nb3 Rfe8
16.Bf4 Ne5 17.Na4 Bc6 18.Nb2 Red8 19.Qe3 h6 20.b5 axb5 21.cxb5 Ba8 22.Rxc8 Rxc8
23.Bxe5 dxe5 24.Nc4 Qa7 25.a4 Qxa4 26.Nxb6 Qa7 27.Qf2 Rc3 28.Ra1 Qxa1+ 29.Nxa1 Bc5
30.Qxc5 Rxc5 31.Nb3 Rc3 32.Na5 Ra3 33.Nac4 Ra2 34.Bf1 Kf8 35.Nxe5 Ke7 36.Nc8+ Kd8
37.Nd6 Nd7 38.Ndxf7+ Ke7 39.Nxd7 Kxd7 40.Bd3 Ke7 41.Ne5 Kd6 42.Nc6 Bxc6 43.bxc6 Kxc6
44.Bc4 Ra1+ 45.Kf2 e5 46.Kg3 Rc1 47.Bd5+ Kd6 48.h4 Rc2 49.Kh3 Kc5 50.g3 Kd4
51.Kg4 Ke3 52.f4 exf4 53.gxf4 Rg2+ 54.Kf5 Rf2 55.Kg6 Rg2+ 56.Kf5 Rf2 57.Kg6 Rxf4
58.h5 Rg4+ 59.Kh7 Rg1 60.Bc6 Kf4 61.Be8 Kxe4 62.Bg6+ Kf4 63.Kxg7 Kg5 64.Kf7 Rf1+
65.Ke6 Re1+ 66.Kd5 Kf4 67.Kd6 Re5 68.Bf7 Kf5 69.Bg6+ Kf6 70.Kd7 Rd5+ 71.Kc6 Rg5
72.Be8 Rg8  0-1